Quizzes
Events
Quiz Creation
Community
Videos
Private Events
Remove Ads
Sign In
Join for FREE
Feedback
Dark Mode
Quiz Categories
Sports
Geography
Music
Movies
Television
Just For Fun
Miscellaneous
History
Literature
Language
Science
Gaming
Entertainment
Religion
Holiday
For Kids
Quiz Lab
Recent
Popular Today
Quiz Kudos Today
Editor Picks
Curator Picks
Quizzes by...
Day
Popularity
Type
Ratings
Length
Year
Community
Subscriptions
Recent Discussions
Orange Saloon
Badges
Playlists
Quests
Create
Leaderboards
Showdown
Live 5
Trivia Bingo
Activity
Puzzle Library
Sporcle Events
Private Events
Virtual Trivia
Globe League
Become a Host
Pub Owners
SporcleCon
Opinionation
Our Games
Videos
Blog
Mobile Apps
Partnerships
Remove Ads and Go Orange
Feedback
Music
Pop Music
The Beatles
Song
Album
Lyrics
Bands
Singers
Artist
Clip
Rock
Rap
Classical
Billboard
Country Music
Kpop
Taylor Swift
Music
Pop Music
The Beatles
Song
Album
Lyrics
Bands
Singers
Artist
Clip
Rock
Rap
Classical
Billboard
Country Music
Kpop
Taylor Swift
Random Quiz
Search Sporcle
×
Quiz Lab
Quiz Lab
Music
Clickable
Select answers by clicking on text or image buttons
Select answers by clicking on text or image buttons
Clickable
Best Score? Go Orange.
Baby Blue Lyrics Stats
Can you pick the Baby Blue?
By
gocartsrule
15m
95 Questions
5 Plays
5 Plays
5 Plays
Comments
Comments
Give Quiz Kudos
Give Quiz Kudos
-
- Ratings
hide this ad
Forced Order
Answers have to be entered in order
Answers have to be entered in order
Replay
Link that replays current quiz
Next Quiz
Link to next quiz in quiz playlist
You Got
0%
They Got
Avg Score
60%
Avg Friend Score
Upgrade to see
Score Distribution
Jump to the score distribution portion of the page
Score
0/95
Timer
15:00
0
Plays Today
% Correct
(Trumpet Outro)
100%
act
80%
you
80%
all
80%
like
80%
la, la
80%
drowned
60%
large
60%
back?
60%
gotta
60%
bitch
60%
you?
60%
Baby
60%
treat
60%
paid
60%
slept
60%
crib
60%
never
60%
somebody
60%
change
60%
dashboard
60%
Doc Gooden
60%
shades
60%
grown
60%
childish
60%
rage
60%
nothing
60%
brilliant
60%
times
60%
Lamborghini
60%
see
60%
easy
60%
% Correct
thought
60%
hit
60%
always
60%
do
60%
girl
60%
baby
60%
wonder
60%
sex
60%
hate
60%
breath
60%
date
60%
me
60%
whatever
60%
White snake
60%
underwear
60%
catch
60%
sun
60%
cause
60%
topped
60%
Bocelli
60%
know
60%
feels
60%
flawless
60%
gorgeous
60%
horse
60%
thought
60%
nauseous
60%
boat
60%
pictures
60%
bitch
60%
you
60%
Baby
60%
% Correct
paper
60%
tongue
60%
razor
60%
drink
60%
shaken
60%
hope
60%
titties
60%
snow
60%
Friday's
60%
Friday's
60%
Friday's
60%
lottery
60%
Socrates
60%
zipper
60%
charger
60%
****
60%
smile
60%
Cut
60%
locks
60%
happy
60%
happy
60%
****
60%
happy
60%
(IGH!)
60%
gotta
60%
you
60%
Blue
60%
do
40%
short
40%
don't
40%
chick
20%
Quiz Playlist
Details
Report
Send in Message
Add To Playlist
Clickable:
Select answers by clicking on text or image buttons
Forced Order:
Answers have to be entered in order
Last Updated: Dec 9, 2018
Quiz Scoreboard
CHALLENGE
Sign Up to Join the Scoreboard
Show All
Scores
Hide
Comments
May contain spoilers
Recently Published
Billboard Blitz: Fleetwood Mac
by CooCooCachoo
Music
15s
Presidents Visiting Landmarks
by Hejman
History
7m
An Introduction to Baseball
by treessimontrees
Sports
5m
More to Explore
Quiz From the Vault
Featured Blog Post
Where Did the Easter Bunny Come From?
hide this ad
You Might Also Like...
Tags
Clickable Quiz
Baby
blue
Today's Top Quizzes in Music
Browse Music
hide this ad
Today's Top Quizzes in Clickable
Browse Clickable
Top Contributed Quizzes in Music
1
Taylor Swift All Songs (2024)
2
Guess the Artist- 70s Songs
3
7-to-1: Billboard Hot 100 #1 Hits of 2010s
4
Sorting Albums and Songs
5
Taylor Swift Logic Puzzle
6
One Thing in Common: Music
7
2010s Album by Cover III
8
KPOP LOGIC QUIZ
9
Guess the Taylor Swift song (Mystery Song)
10
Guess the Artist- 80s Songs
Explore More
Trending Topics
Marvel
NBA
Kpop
Anime
Harry Potter
Disney
Crossword
Pokémon
Puzzle
Country
WWE
NFL
The Office
Song
Soccer
hide this ad
More By:
gocartsrule
Quiz
Plays
Rating
Category
Featured
Created
Charleston Girl - Tyler Childers
193
5.00
Music
Jan 16, 2023
Jersey Giant - Tyler Childers
179
Music
Jan 11, 2023
Gemma Nostra (Beta)
65
Music
Nov 28, 2018
Too High to Cry - Koe Wetzel
36
Music
Jan 26, 2023
There's A Scene (Beta)
21
Music
Oct 9, 2018
Go to Creator's Profile
Score Distribution
Quiz Creator Spotlight
gocartsrule
Follow
Send a Message
Quizzes Created
-
Created Quiz Play Count
-
More By This Creator
Popular Quizzes Today
1
Find the US States - No Outlines Minefield
2
Find the Countries of Europe - No Outlines Minefield
3
The Countries of the World
4
Find the US States
5
Popular People in 1961
6
US States
7
Risky Map Clicking: Biggest States A-Z
8
Movies - When Are They Set?
More Music Quizzes
Follow that Lyric: Aladdin
Quiz Lab
Trending Quizzes
Risky Map Clicking: Least Populous States A-Z
1-10 Letter G Words
1-10 Letter F Words
Risky Map Clicking: Next State Alphabetically
'A' Boys' Names Grid
Recently Updated
Leaping Animals
pecheneg
Reality TV Shows (A-Z)
bhenderson79
Rickey Henderson's Hall of Fame Teammates
pecheneg
Champions League XIs: Arsenal
pecheneg
Quick Pick: Celebrities in WWE's Hall of Fame
aduchscher
A-Z Keypad Blitz II
pecheneg
Multiple Oscar Actors
pecheneg
Mystery Phrase Blitz: Oscar 'Best Actors'
pecheneg
F. Scott Fitzgerald Novels
LTH
Pick 3 Villains
ddd62291
Trending Topics
Anime
Kpop
Crossword
NBA
Disney
Marvel
Harry Potter
Pokémon
Soccer
Song
Puzzle
Country
The Office
NFL
WWE
Your Account Isn't Verified!
In order to create a playlist on Sporcle, you need to verify the email address you used during registration. Go to your
Sporcle Settings
to finish the process.
Report this User
Report this user for behavior that violates our
Community Guidelines
.
Details:
Send Report
Go to the Sporcle.com Mobile Site →
Comments